000 01866nam a22003377a 4500
003 DO-SdBNP
005 20230224125157.0
007 ta
008 110301s2021 dr acdo 001 0 spa d
020 _a9780916101107
040 _aDO-SdBNP
_bspa
_cBNPHU
082 4 _a972.93000451
_bI88L
_222
245 0 4 _aThe italian legacy in the Dominican Republic :
_bhistory, architecture, economics, society /
_cedición Andrea Canepari ; prefacio Luis Abinader, Josep F. Chorpenning ; coordinación textos en español José Chez Checo ; traducción David Auerbach
260 _aPhiladelphia, Estados Unidos :
_bSaint Josephs University,
_c2021.
300 _a536 p. :
_bil., fots., grafcs, mapas, rets.,
_c30 cm.
500 _aIncluye referencias bibliográficas y notas al pie d las páginas
500 _aIncluye bibliografía al final de los capítulos
505 2 _tForeword --
_tPreface --
_tAcknowledgments --
_tIntroduction --
_gHistory --
_tGeneral subjects --
_tColumbus and the sixteenth century --
_tEcclesiastical history --
_tPolitical history --
_gArchitecture --
_tColonial architecture --
_tModern architecture --
_gLiterature and the arts --
_gEconomics and sciencie --
_gJournalism, law and society --
_tThe authors --
_tIndexes of names and places --
590 _aInventariado, 2022/ YL
650 4 _aItalianos en República Dominicana
_982904
_xHistoria
650 4 _982905
_aArquitectura italiana
_zRepública Dominicana
650 4 _aCultura italiana
_zRepública Dominicana
_982946
651 4 _aRepública Dominicana
_xCivilización
_xInfluencia italiana
_982947
700 1 2 _aCanepari, Andrea
_eed.
_973802
700 1 _aAbinader, Luis
_epref.
_982907
700 1 _aChorpenning, Joseph F.
_91591
700 1 _aChez Checo, José
_982908
700 1 _aAuerbach, David
_etr.
_982909
910 _aYLockward/Validado. Control de calidad MFF
942 _2ddc
_cLBS1
999 _c53025
_d53025